[Event "29th Reggio Emilia it"]
[Site "Reggio Emilia ITA"]
[Date "1986.??.??"]
[Round "1"]
[White "Andersson, Ulf"]
[Black "Beliavsky, Alexander"]
[Result "1/2-1/2"]
[WhiteElo "2600"]
[BlackElo "2585"]
[EventDate "1986.12.27"]
[PlyCount "93"]

1.Nf3 d5 2.d4 Nf6 3.c4 e6 4.Nc3 Be7 5.Bg5 h6 6.Bxf6 Bxf6 7.e3 O-O 8.Rc1 c6
9.Bd3 Nd7 10.O-O dxc4 11.Bxc4 e5 12.h3 exd4 13.exd4 Nb6 14.Bb3 Bf5 15.Re1 
Qd7 16.Ne5 Bxe5 17.dxe5 Qxd1 18.Rcxd1 Rfd8 19.g4 Bd3 20.e6 fxe6 21.Bxe6+ 
Kf8 22.b3 Bc2 23.Rc1 Rd2 24.Ne4 Bxe4 25.Rxe4 Rxa2 26.Rc3 Nd5 27.Bxd5 cxd5 
28.Rf3+ Kg8 29.Re7 Rf8 30.Rxf8+ Kxf8 31.Rxb7 d4 32.Kg2 a5 33.Kf3 a4 34.
bxa4 Rxa4 35.Rb3 Kf7 36.Ke4 h5 37.Rd3 hxg4 38.hxg4 Ra2 39.f4 g6 40.Rxd4 
Re2+ 41.Kf3 Re1 42.Rd7+ Kf8 43.Rc7 Kg8 44.Rc2 Kg7 45.Kg3 Rh1 46.Rc5 Kf7 
47.Rc7+ 1/2-1/2

[Event "29th Reggio Emilia it"]
[Site "Reggio Emilia ITA"]
[Date "1986.??.??"]
[Round "1"]
[White "Suba, Mihai"]
[Black "Chernin, Alexander"]
[Result "1/2-1/2"]
[WhiteElo "2580"]
[BlackElo "2565"]
[EventDate "1986.12.27"]
[PlyCount "103"]

1.c4 Nf6 2.g3 c6 3.Bg2 d5 4.Nf3 Bf5 5.O-O e6 6.d3 dxc4 7.dxc4 Qxd1 8.Rxd1 
Nbd7 9.Be3 Bb4 10.h3 Bc2 11.Rc1 Bg6 12.Nbd2 a5 13.c5 a4 14.Rc4 Nd5 15.Bd4 
Bxd2 16.Nxd2 e5 17.e4 Nc7 18.Be3 Ke7 19.f4 f6 20.Rb4 Rhb8 21.Nc4 Bf7 22.
fxe5 Nxe5 23.Nxe5 fxe5 24.a3 Ne6 25.Rc1 Ra7 26.h4 h6 27.Rf1 Bg6 28.Rd1 Ra5
29.Rc1 Bh5 30.Kf2 Ra7 31.Ke1 Rd8 32.Bf1 Rf8 33.Be2 Bxe2 34.Kxe2 Nc7 35.
Rcc4 Rfa8 36.h5 Nb5 37.Rc1 Ra5 38.Rf1 Ke6 39.g4 Rd8 40.Rf5 Raa8 41.g5 hxg5
42.Rxg5 Rd7 43.Rc4 Kf6 44.Rg6+ Kf7 45.Rc1 Nd4+ 46.Bxd4 Rxd4 47.Rcg1 Rxe4+ 
48.Kf3 Rf4+ 49.Ke3 Rh8 50.Rxg7+ Ke6 51.R1g5 Rh4 52.Rxb7 1/2-1/2

[Event "29th Reggio Emilia it"]
[Site "Reggio Emilia ITA"]
[Date "1986.??.??"]
[Round "1"]
[White "Velimirovic, Dragoljub"]
[Black "Spassky, Boris"]
[Result "1/2-1/2"]
[WhiteElo "2570"]
[BlackElo "2620"]
[EventDate "1986.12.27"]
[PlyCount "23"]

1.e4 e5 2.Nf3 Nc6 3.c3 Nf6 4.d4 exd4 5.e5 Nd5 6.Bb5 a6 7.Ba4 Nb6 8.Bb3 d5 
9.exd6 Bxd6 10.O-O O-O 11.Bg5 Be7 12.Bxe7 1/2-1/2

[Event "29th Reggio Emilia it"]
[Site "Reggio Emilia ITA"]
[Date "1986.??.??"]
[Round "2"]
[White "Chernin, Alexander"]
[Black "Smyslov, Vassily"]
[Result "1/2-1/2"]
[WhiteElo "2565"]
[BlackElo "2555"]
[EventDate "1986.12.27"]
[PlyCount "133"]

1.d4 Nf6 2.c4 e6 3.Nc3 Bb4 4.e3 O-O 5.Ne2 d5 6.a3 Be7 7.cxd5 exd5 8.g3 c6 
9.Bg2 Bf5 10.f3 Qc8 11.g4 Bd7 12.Nf4 Na6 13.g5 Ne8 14.h4 Nd6 15.e4 Re8 16.
O-O Bf8 17.Nfe2 Bh3 18.Ng3 Bxg2 19.Kxg2 Nc7 20.Qd3 dxe4 21.fxe4 Qd7 22.Be3
Rad8 23.Rf3 Qe6 24.d5 cxd5 25.exd5 Qg4 26.Raf1 Qc4 27.Bxa7 Rd7 28.Nf5 Qxd3
29.Rxd3 Ndb5 30.Nxb5 Nxb5 31.Bg1 g6 32.Ne3 Bg7 33.a4 Nd6 34.Bh2 Re4 35.Rf4
f5 36.gxf6 Rxf4 37.Bxf4 Bxf6 38.Bg3 Ne4 39.b4 Kf7 40.Be1 h5 41.Kf3 Nd6 42.
Bg3 g5 43.hxg5 Bxg5 44.Bxd6 Rxd6 45.Nc4 Rf6+ 46.Kg2 Ke7 47.a5 Rf4 48.d6+ 
Ke6 49.Rc3 Kd5 50.b5 Kc5 51.a6 bxa6 52.bxa6 Rf8 53.Nd2+ Kb6 54.Ne4 Bf4 55.
d7 Rd8 56.Rb3+ Kxa6 57.Nc5+ Ka7 58.Rd3 Bc7 59.Kf3 Kb6 60.Ne6 Rg8 61.Ke4 
Kc6 62.Kf5 h4 63.Kf6 h3 64.Rxh3 Kxd7 65.Rh7+ Kd6 66.Nxc7 Rf8+ 67.Rf7 
1/2-1/2

[Event "29th Reggio Emilia it"]
[Site "Reggio Emilia ITA"]
[Date "1986.??.??"]
[Round "2"]
[White "Nogueiras Santiago, Jesus"]
[Black "Velimirovic, Dragoljub"]
[Result "1/2-1/2"]
[WhiteElo "2570"]
[BlackElo "2570"]
[EventDate "1986.12.27"]
[PlyCount "65"]

1.d4 c5 2.d5 g6 3.e4 Bg7 4.c4 d6 5.Nc3 Nf6 6.f4 O-O 7.Nf3 e6 8.Be2 exd5 9.
cxd5 Bg4 10.O-O Nbd7 11.h3 Bxf3 12.Bxf3 a6 13.g4 Ne8 14.g5 Nc7 15.Bg4 Nb5 
16.e5 Nxc3 17.bxc3 dxe5 18.f5 e4 19.f6 Nxf6 20.gxf6 Bxf6 21.Bh6 Qd6 22.
Rxf6 Qxf6 23.Qd2 Rad8 24.Rd1 Rfe8 25.d6 e3 26.Bxe3 Rxd6 27.Qxd6 Qxd6 28.
Rxd6 Rxe3 29.Rb6 Rxc3 30.Rxb7 Rc1+ 31.Kf2 Rc2+ 32.Kg3 Rxa2 33.Rc7 1/2-1/2

[Event "29th Reggio Emilia it"]
[Site "Reggio Emilia ITA"]
[Date "1986.??.??"]
[Round "2"]
[White "Ribli, Zoltan"]
[Black "Beliavsky, Alexander"]
[Result "1-0"]
[WhiteElo "2585"]
[BlackElo "2585"]
[EventDate "1986.12.27"]
[PlyCount "105"]

1.Nf3 d5 2.d4 Nf6 3.c4 e6 4.Nc3 Be7 5.Bg5 h6 6.Bxf6 Bxf6 7.e3 O-O 8.Qc2 
Na6 9.a3 dxc4 10.Bxc4 c5 11.Rd1 cxd4 12.Nxd4 Bd7 13.Ba2 Qe7 14.h4 Bxd4 15.
Rxd4 Rfd8 16.O-O Bc6 17.Rfd1 Rxd4 18.Rxd4 Rd8 19.Bb1 g6 20.Qd1 Rxd4 21.
Qxd4 Qc5 22.Qf6 Nc7 23.Qd8+ Ne8 24.Be4 Qd6 25.Qc8 Kf8 26.Bxc6 Qxc6 27.Qxc6
bxc6 28.Kf1 Ke7 29.Ke2 f5 30.Kd3 g5 31.hxg5 hxg5 32.e4 Kd6 33.exf5 exf5 
34.Ne2 Kd5 35.Nc3+ Kd6 36.b4 Nf6 37.Kd4 Nh5 38.Ne2 Ng7 39.Kc4 f4 40.Nd4 a6
41.f3 Ne8 42.Ne2 Nf6 43.Nc3 g4 44.Kd4 gxf3 45.gxf3 Nd7 46.Ne4+ Kc7 47.Nc5 
Nf6 48.Nxa6+ Kb6 49.Nc5 Nd5 50.Na4+ Ka6 51.Nc3 Ne3 52.Ke4 Nc2 53.Nb1 1-0

[Event "29th Reggio Emilia it"]
[Site "Reggio Emilia ITA"]
[Date "1986.??.??"]
[Round "3"]
[White "Andersson, Ulf"]
[Black "Chernin, Alexander"]
[Result "0-1"]
[WhiteElo "2600"]
[BlackElo "2565"]
[EventDate "1986.12.27"]
[PlyCount "73"]

1.c4 Nf6 2.Nc3 e5 3.Nf3 Nc6 4.g3 d5 5.cxd5 Nxd5 6.Bg2 Nb6 7.O-O Be7 8.d3 
Be6 9.Be3 O-O 10.Qc1 f5 11.Rd1 Nd5 12.Bg5 Nxc3 13.bxc3 Kh8 14.Bxe7 Qxe7 
15.Qe3 Bd7 16.a4 a5 17.Rdb1 b6 18.Rb5 Rae8 19.h4 Qf6 20.Rd5 Bc8 21.Qg5 Qf7
22.Nd2 Re6 23.h5 Ne7 24.Rb5 Bd7 25.Rb2 Rh6 26.Bf3 Bc6 27.e4 Rf6 28.Bg2 
fxe4 29.Nxe4 Rf5 30.Qg4 Rxh5 31.Re1 Rf5 32.Rbe2 h6 33.d4 Ng6 34.Nd6 cxd6 
35.Bxc6 Rg5 36.Qe4 Nf4 37.dxe5 0-1

[Event "29th Reggio Emilia it"]
[Site "Reggio Emilia ITA"]
[Date "1986.??.??"]
[Round "3"]
[White "Hort, Vlastimil"]
[Black "Ribli, Zoltan"]
[Result "1/2-1/2"]
[WhiteElo "2545"]
[BlackElo "2585"]
[EventDate "1986.12.27"]
[PlyCount "85"]

1.c4 c5 2.Nf3 Nf6 3.Nc3 e6 4.g3 b6 5.Bg2 Bb7 6.O-O d6 7.d4 cxd4 8.Qxd4 a6 
9.Bg5 Nbd7 10.Nd2 Bxg2 11.Kxg2 Be7 12.Nde4 Qc7 13.Rfd1 O-O 14.Rac1 Rfd8 
15.f3 h6 16.Be3 Rab8 17.b3 Qc6 18.Nxf6+ Nxf6 19.Ne4 Nxe4 20.Qxe4 Qxe4 21.
fxe4 Bg5 22.Bf4 e5 23.Bd2 Bxd2 24.Rxd2 Kf8 25.Rd5 Ke7 26.a4 Rdc8 27.Rcd1 
Rc6 28.Kf3 Rb7 29.Ke3 Rb8 30.R1d3 h5 31.a5 g6 32.Kd2 Ke6 33.axb6 Rcxb6 34.
Kc2 f5 35.exf5+ gxf5 36.c5 dxc5 37.Rxc5 Rd6 38.Rxd6+ Kxd6 39.Ra5 Rb6 40.
Kc3 Rc6+ 41.Kd3 Rb6 42.Kc3 Rc6+ 43.Kd3 1/2-1/2

[Event "29th Reggio Emilia it"]
[Site "Reggio Emilia ITA"]
[Date "1986.??.??"]
[Round "3"]
[White "Smyslov, Vassily"]
[Black "Spassky, Boris"]
[Result "1/2-1/2"]
[WhiteElo "2555"]
[BlackElo "2620"]
[EventDate "1986.12.27"]
[PlyCount "31"]

1.d4 Nf6 2.Nf3 e6 3.c4 Bb4+ 4.Bd2 Bxd2+ 5.Qxd2 d5 6.e3 O-O 7.Nc3 Qe7 8.Bd3
dxc4 9.Bxc4 c5 10.dxc5 Qxc5 11.Qd4 Qxd4 12.Nxd4 Bd7 13.O-O Nc6 14.Nxc6 
Bxc6 15.Rfd1 Rfd8 16.f3 1/2-1/2

[Event "29th Reggio Emilia it"]
[Site "Reggio Emilia ITA"]
[Date "1986.??.??"]
[Round "3"]
[White "Suba, Mihai"]
[Black "Nogueiras Santiago, Jesus"]
[Result "1/2-1/2"]
[WhiteElo "2580"]
[BlackElo "2570"]
[EventDate "1986.12.27"]
[PlyCount "100"]

1.c4 e6 2.g3 d5 3.Bg2 Nf6 4.Nf3 dxc4 5.Qc2 Nbd7 6.a4 b6 7.Qxc4 Bb7 8.O-O 
Be7 9.Nc3 O-O 10.a5 Bxf3 11.exf3 Ne5 12.Qe2 Nc6 13.f4 Nxa5 14.Bxa8 Qxa8 
15.d4 Nb3 16.Ra4 c6 17.Qa6 b5 18.Ra2 Nxd4 19.Qxa7 Qxa7 20.Rxa7 Bb4 21.Be3 
Bxc3 22.bxc3 Ne2+ 23.Kg2 Nxc3 24.Rc7 Nfd5 25.Rxc6 h6 26.Bd4 b4 27.Ra1 Nb5 
28.Bb2 Rd8 29.Ra5 Nd6 30.Kf3 Rd7 31.g4 Nc7 32.Ra8+ Kh7 33.Rb6 f5 34.Rxb4 
fxg4+ 35.Kxg4 Nf5 36.h4 Rd1 37.Ra1 Rd2 38.Rf1 h5+ 39.Kxh5 Nd5 40.Rb7 Nxf4+
41.Kg4 Nd3 42.Ba1 Nxf2+ 43.Kf3 Nh3 44.Rb3 g5 45.hxg5 Nxg5+ 46.Kf4 Kg6 47.
Rg1 Rf2+ 48.Kg4 Re2 49.Rb4 Rh2 50.Kf4 Rf2+ 1/2-1/2

[Event "29th Reggio Emilia it"]
[Site "Reggio Emilia ITA"]
[Date "1986.??.??"]
[Round "3"]
[White "Velimirovic, Dragoljub"]
[Black "Van der Wiel, John"]
[Result "1/2-1/2"]
[WhiteElo "2570"]
[BlackElo "2570"]
[EventDate "1986.12.27"]
[PlyCount "50"]

1.e4 c5 2.Nf3 d6 3.d4 cxd4 4.Nxd4 Nf6 5.Nc3 Nc6 6.Bc4 e6 7.Bb3 Be7 8.Be3 
O-O 9.Qe2 Na5 10.O-O-O Nxb3+ 11.axb3 Qa5 12.Kb1 Bd7 13.g4 Rfb8 14.f4 b5 
15.e5 Ne8 16.Qf3 b4 17.Ne4 d5 18.Ng5 Rb6 19.f5 Ra6 20.Kc1 Bxg5 21.Bxg5 
Qa1+ 22.Kd2 Qxb2 23.Ke2 Rc8 24.Rd2 Rc3 25.Qf4 Ra1 1/2-1/2

[Event "29th Reggio Emilia it"]
[Site "Reggio Emilia ITA"]
[Date "1986.??.??"]
[Round "4"]
[White "Hort, Vlastimil"]
[Black "Velimirovic, Dragoljub"]
[Result "1/2-1/2"]
[WhiteElo "2545"]
[BlackElo "2570"]
[EventDate "1986.12.27"]
[PlyCount "85"]

1.d4 Nf6 2.Nf3 g6 3.Bf4 Bg7 4.e3 O-O 5.Be2 d6 6.h3 c5 7.c3 cxd4 8.cxd4 Qb6
9.Qb3 Be6 10.Qxb6 axb6 11.Nc3 Nd5 12.Bg5 Nxc3 13.bxc3 f6 14.Bf4 Rc8 15.Kd2
Ra3 16.Rhb1 Nd7 17.Rc1 Bc4 18.Bxc4+ Rxc4 19.Rc2 Rca4 20.Kc1 Ra8 21.Nd2 Kf7
22.g4 R3a4 23.Bg3 f5 24.gxf5 gxf5 25.Rb1 e5 26.Rb5 Ke6 27.Kb1 Rc8 28.Nf3 
Bf6 29.Kb2 h5 30.h4 Rca8 31.Kb1 Rg8 32.Rd2 Ra5 33.Rb4 Rg4 34.Re2 Bd8 35.
Nh2 Rg7 36.Nf3 Rg4 37.Nh2 Rg8 38.Nf3 Be7 39.Reb2 Rc8 40.R2b3 Rca8 41.Rb2 
Rc8 42.R2b3 Rca8 43.Rb2 1/2-1/2

[Event "29th Reggio Emilia it"]
[Site "Reggio Emilia ITA"]
[Date "1986.??.??"]
[Round "4"]
[White "Ribli, Zoltan"]
[Black "Portisch, Lajos"]
[Result "1/2-1/2"]
[WhiteElo "2585"]
[BlackElo "2605"]
[EventDate "1986.12.27"]
[PlyCount "29"]

1.d4 d5 2.c4 dxc4 3.Nf3 Nf6 4.e3 e6 5.Bxc4 c5 6.O-O a6 7.a4 Nc6 8.Qe2 cxd4
9.Rd1 Be7 10.exd4 O-O 11.Nc3 Nd5 12.Qe4 Nf6 13.Qh4 Nd5 14.Qe4 Nf6 15.Qh4 
1/2-1/2

[Event "29th Reggio Emilia it"]
[Site "Reggio Emilia ITA"]
[Date "1986.??.??"]
[Round "4"]
[White "Van der Wiel, John"]
[Black "Suba, Mihai"]
[Result "1/2-1/2"]
[WhiteElo "2570"]
[BlackElo "2580"]
[EventDate "1986.12.27"]
[PlyCount "158"]

1.e4 c5 2.Nf3 d6 3.d4 Nf6 4.Nc3 cxd4 5.Nxd4 a6 6.Be2 e6 7.f4 Be7 8.O-O O-O
9.Kh1 Qc7 10.a4 Rd8 11.a5 Nc6 12.Nb3 b6 13.axb6 Qxb6 14.Bf3 Rb8 15.Qe2 Qc7
16.Rd1 Nd7 17.Be3 Nc5 18.Nxc5 dxc5 19.Na4 Nd4 20.Qf2 Bb7 21.Nxc5 Bxc5 22.
Bxd4 Bxd4 23.Rxd4 Rxd4 24.Qxd4 Qxf4 25.Qa7 h6 26.h3 Kh7 27.e5 Bxf3 28.Qxb8
Bd5 29.Qa7 Qg3 30.Qg1 Qxh3+ 31.Qh2 Qe3 32.c3 Qe2 33.Qg3 g5 34.b4 Kg6 35.
Kg1 Bc4 36.Re1 Qd2 37.Qe3 Qxe3+ 38.Rxe3 Kf5 39.Rf3+ Kxe5 40.Rxf7 Ke4 41.
Rd7 Bd5 42.Rd6 Kd3 43.Rxa6 Kxc3 44.Rb6 h5 45.Rb8 h4 46.b5 Kc4 47.Rg8 Kxb5 
48.Rxg5 Kc5 49.Kf2 Kd6 50.Rh5 Ke7 51.Rxh4 Kf6 52.g4 Kg6 53.Kg3 Kg5 54.Rh8 
Kg6 55.Kh4 Kg7 56.Rh5 Kg6 57.Re5 Bb3 58.Rg5+ Kh6 59.Rg8 Bd5 60.Rf8 Kg7 61.
Rf2 Kg6 62.g5 Bb3 63.Rf3 Bc4 64.Rf6+ Kg7 65.Rf4 Bb3 66.Rf3 Bd5 67.Re3 Kg6 
68.Rc3 Be4 69.Rc8 Kg7 70.Rc1 Bd5 71.Rf1 Bc4 72.Rc1 Bd5 73.Rc7+ Kg6 74.Re7 
Bc4 75.Re8 Kg7 76.Rb8 Bd5 77.Rc8 Be4 78.Kg3 Bd5 79.Kg4 Kg6 1/2-1/2

[Event "29th Reggio Emilia it"]
[Site "Reggio Emilia ITA"]
[Date "1986.??.??"]
[Round "5"]
[White "Beliavsky, Alexander"]
[Black "Spassky, Boris"]
[Result "1/2-1/2"]
[WhiteElo "2585"]
[BlackElo "2620"]
[EventDate "1986.12.27"]
[PlyCount "140"]

1.e4 e5 2.Nf3 Nc6 3.Bb5 a6 4.Ba4 Nf6 5.O-O Be7 6.Re1 b5 7.Bb3 d6 8.c3 O-O 
9.h3 Nb8 10.d4 Nbd7 11.Nbd2 Bb7 12.Bc2 Re8 13.Nf1 Bf8 14.Ng3 g6 15.a4 c5 
16.d5 c4 17.Bg5 h6 18.Be3 Nc5 19.Qd2 h5 20.Ra3 Rb8 21.axb5 axb5 22.Rea1 
Nfd7 23.Ra7 Ra8 24.Rxa8 Bxa8 25.Bh6 Bb7 26.Bxf8 Rxf8 27.Qh6 Qf6 28.Ra5 Ba6
29.Nf1 Rb8 30.N1d2 Qg7 31.Qe3 Qf6 32.Qe1 Qd8 33.b4 cxb3 34.Nxb3 Qb6 35.Ra1
Nxb3 36.Bxb3 Nc5 37.Bc2 b4 38.cxb4 Qxb4 39.Qe3 Qc4 40.Qh6 Nd7 41.Ra3 Qxc2 
42.Rxa6 Nc5 43.Rxd6 Qxe4 44.Rc6 Nd3 45.Qh7+ Kxh7 46.Ng5+ Kg7 47.Nxe4 f5 
48.Nc3 Kh6 49.Rc7 e4 50.h4 Rb2 51.d6 Rd2 52.Rc8 Ne5 53.Rc5 Nf7 54.Nd5 Nxd6
55.g3 Nf7 56.Nf4 Kg7 57.Ra5 Rd6 58.Kg2 Nh6 59.Nd5 Ng4 60.Kf1 Rd7 61.Kg2 
Kh6 62.Kg1 Rb7 63.Ra2 Ne5 64.Nf4 Rb6 65.Ra7 g5 66.hxg5+ Kxg5 67.Rg7+ Kh6 
68.Rg8 Ng6 69.Nxg6 Rxg6 70.Rh8+ Kg5 1/2-1/2

[Event "29th Reggio Emilia it"]
[Site "Reggio Emilia ITA"]
[Date "1986.??.??"]
[Round "5"]
[White "Suba, Mihai"]
[Black "Hort, Vlastimil"]
[Result "1/2-1/2"]
[WhiteElo "2580"]
[BlackElo "2545"]
[EventDate "1986.12.27"]
[PlyCount "139"]

1.c4 e5 2.g3 Nc6 3.Nc3 g6 4.Bg2 Bg7 5.e3 d6 6.Nge2 h5 7.h4 Bg4 8.Rb1 Qd7 
9.b4 Nge7 10.d3 Nd8 11.b5 O-O 12.a4 a6 13.Qb3 axb5 14.axb5 Ra5 15.Bd2 b6 
16.Nd5 Ra7 17.Nec3 Nxd5 18.Nxd5 Ne6 19.Nb4 Nc5 20.Qc2 Kh7 21.Bc3 Ra3 22.
Ra1 Nxd3+ 23.Nxd3 Rxc3 24.Qxc3 e4 25.Qa3 Bxa1 26.Bxe4 Bg7 27.O-O Qe7 28.
Bg2 Be2 29.Rc1 Bxd3 30.Qxd3 Qe5 31.Bd5 f5 32.Kg2 Re8 33.Rc2 Re7 34.Ra2 Qc3
35.Qd1 Qe5 36.Bf3 Kh6 37.Ra8 Re8 38.Ra7 Re7 39.Bc6 Qc3 40.Bd5 Qe5 41.Bc6 
Qc3 42.Qd5 Qb2 43.Kf3 Qf6 44.Ra8 Qe6 45.Qd3 Qe5 46.Kg2 Kh7 47.Rc8 Qe6 48.
Rd8 Qe5 49.Rc8 Qe6 50.Bb7 Qe5 51.Bd5 Kh6 52.Qa3 Qb2 53.Qd3 Qc3 54.Qd1 Qe5 
55.Ra8 Qb2 56.Qf3 Qe5 57.Ra2 Qc3 58.Qd1 Qf6 59.Qa4 g5 60.hxg5+ Qxg5 61.Qd1
h4 62.Qh1 Bf6 63.Ra8 Kg6 64.Qh3 hxg3 65.f4 Qh4 66.Rg8+ Rg7 67.Rh8 Qxh3+ 
68.Rxh3 Bc3 69.Kf3 Rh7 70.Rxh7 1/2-1/2

[Event "29th Reggio Emilia it"]
[Site "Reggio Emilia ITA"]
[Date "1986.??.??"]
[Round "6"]
[White "Ribli, Zoltan"]
[Black "Chernin, Alexander"]
[Result "1/2-1/2"]
[WhiteElo "2585"]
[BlackElo "2565"]
[EventDate "1986.12.27"]
[PlyCount "27"]

1.d4 d5 2.c4 c6 3.cxd5 cxd5 4.Nc3 Nf6 5.Bf4 Nc6 6.e3 Bg4 7.f3 Bd7 8.Bd3 e6
9.Bg3 Be7 10.Nge2 O-O 11.O-O Rc8 12.Qd2 Qb6 13.Na4 Qb4 14.Nac3 1/2-1/2

[Event "29th Reggio Emilia it"]
[Site "Reggio Emilia ITA"]
[Date "1986.??.??"]
[Round "6"]
[White "Spassky, Boris"]
[Black "Portisch, Lajos"]
[Result "1/2-1/2"]
[WhiteElo "2620"]
[BlackElo "2605"]
[EventDate "1986.12.27"]
[PlyCount "45"]

1.d4 Nf6 2.Nf3 e6 3.Bg5 c5 4.e3 cxd4 5.exd4 Be7 6.Bd3 b6 7.Nbd2 Bb7 8.O-O 
O-O 9.Re1 d6 10.c3 Nbd7 11.a4 a6 12.Nf1 Re8 13.Ng3 Nf8 14.Bd2 Qd7 15.Ng5 
h6 16.Nh3 Qc6 17.f3 N8d7 18.Nf2 Bf8 19.Nfe4 Qc7 20.Qe2 Nh7 21.Nf2 Nhf6 22.
Qf1 e5 23.Rad1 1/2-1/2

[Event "29th Reggio Emilia it"]
[Site "Reggio Emilia ITA"]
[Date "1986.??.??"]
[Round "6"]
[White "Van der Wiel, John"]
[Black "Andersson, Ulf"]
[Result "1/2-1/2"]
[WhiteElo "2570"]
[BlackElo "2600"]
[EventDate "1986.12.27"]
[PlyCount "100"]

1.e4 e6 2.d4 d5 3.Nd2 c5 4.exd5 Qxd5 5.Ngf3 cxd4 6.Bc4 Qd6 7.O-O Nf6 8.Nb3
Nc6 9.Nbxd4 Nxd4 10.Qxd4 Qxd4 11.Nxd4 Bd7 12.Be2 Bc5 13.Nb3 Bb6 14.a4 a6 
15.Bf3 O-O-O 16.Re1 Nd5 17.Bg5 f6 18.Bd2 Rhe8 19.Ba5 Bxa5 20.Nxa5 Bc6 21.
Nxc6 bxc6 22.Re4 Kc7 23.Rc4 e5 24.Rd1 Ne7 25.Re1 Rd6 26.b4 Red8 27.Rc5 Rd2
28.g3 R8d4 29.c3 Rd6 30.Re2 Rd1+ 31.Kg2 Rc1 32.Rb2 Nd5 33.b5 axb5 34.axb5 
Rxc3 35.Rxc3 Nxc3 36.Bxc6 Kb6 37.Rb3 Na4 38.f4 Nc5 39.Ra3 Rd2+ 40.Kf3 exf4
41.gxf4 Rxh2 42.Ra8 Rh3+ 43.Kg4 Re3 44.Rh8 h6 45.Kf5 Re7 46.Kg6 Ne6 47.f5 
Nf4+ 48.Kh7 g6+ 49.Kxh6 gxf5 50.Rf8 Kc5 1/2-1/2

[Event "29th Reggio Emilia it"]
[Site "Reggio Emilia ITA"]
[Date "1986.??.??"]
[Round "6"]
[White "Velimirovic, Dragoljub"]
[Black "Suba, Mihai"]
[Result "1-0"]
[WhiteElo "2570"]
[BlackElo "2580"]
[EventDate "1986.12.27"]
[PlyCount "79"]

1.e4 c5 2.Nf3 d6 3.d4 Nf6 4.Nc3 cxd4 5.Nxd4 e6 6.Bc4 Be7 7.Bb3 Na6 8.f4 
Nc5 9.O-O O-O 10.e5 dxe5 11.fxe5 Ne8 12.Be3 g6 13.Nc6 bxc6 14.Qxd8 Bxd8 
15.Bxc5 Bb6 16.Na4 Bxc5+ 17.Nxc5 Rb8 18.Rf4 Nc7 19.c4 Na6 20.Ne4 c5 21.Rd1
Rb7 22.Rf2 Rc7 23.Ba4 Nb8 24.Nf6+ Kh8 25.Rf3 Bb7 26.Rh3 h5 27.Rdd3 Rfc8 
28.g4 Bc6 29.gxh5 g5 30.Bc2 Nd7 31.Rxd7 Rxd7 32.Nxd7 Bxd7 33.h6 Bc6 34.Kf2
f5 35.exf6 Rf8 36.h7 Rxf6+ 37.Ke3 Rf1 38.Rh6 Re1+ 39.Kd2 Re5 40.Rh3 1-0

[Event "29th Reggio Emilia it"]
[Site "Reggio Emilia ITA"]
[Date "1986.??.??"]
[Round "7"]
[White "Beliavsky, Alexander"]
[Black "Van der Wiel, John"]
[Result "1-0"]
[WhiteElo "2585"]
[BlackElo "2570"]
[EventDate "1986.12.27"]
[PlyCount "97"]

1.e4 c5 2.Nf3 d6 3.d4 cxd4 4.Nxd4 Nf6 5.Nc3 Nc6 6.Bg5 e6 7.Qd2 a6 8.O-O-O 
Bd7 9.f4 b5 10.Bxf6 gxf6 11.f5 Nxd4 12.Qxd4 Bh6+ 13.Kb1 Bf4 14.fxe6 fxe6 
15.Ne2 Be5 16.Qd2 Qb6 17.Nf4 Ke7 18.Nd3 Bd4 19.e5 dxe5 20.Nxe5 Be8 21.Nf3 
Be3 22.Qe1 Bf2 23.Qd2 Be3 24.Qb4+ Qc5 25.Qg4 Bf7 26.Bd3 Rad8 27.Rhe1 h5 
28.Qe4 Bf2 29.Re2 Rhg8 30.Rf1 Bd4 31.Nxd4 Qxd4 32.Qb7+ Rd7 33.Qxa6 Rg5 34.
a3 Rd6 35.Qb7+ Kf8 36.Re4 Qd5 37.Qxd5 exd5 38.Re2 d4 39.b3 Be8 40.Rf4 Rg4 
41.Rf5 h4 42.Bxb5 Bg6 43.Rc5 Be4 44.Bd3 Bxg2 45.Rc8+ Kf7 46.Rc7+ Kf8 47.
Ree7 Bd5 48.Rh7 Rd8 49.Rh8+ 1-0

[Event "29th Reggio Emilia it"]
[Site "Reggio Emilia ITA"]
[Date "1986.??.??"]
[Round "7"]
[White "Chernin, Alexander"]
[Black "Spassky, Boris"]
[Result "1/2-1/2"]
[WhiteElo "2565"]
[BlackElo "2620"]
[EventDate "1986.12.27"]
[PlyCount "39"]

1.d4 Nf6 2.c4 e6 3.Nf3 Bb4+ 4.Bd2 Bxd2+ 5.Qxd2 d5 6.Nc3 O-O 7.e3 Qe7 8.Rc1
Rd8 9.Qc2 dxc4 10.Bxc4 c5 11.O-O cxd4 12.Nxd4 Bd7 13.Rfd1 Nc6 14.Nxc6 Bxc6
15.Bb5 Rac8 16.Bxc6 Rxc6 17.Rxd8+ Qxd8 18.Rd1 Qb8 19.Qd3 Rc8 20.h3 1/2-1/2

[Event "29th Reggio Emilia it"]
[Site "Reggio Emilia ITA"]
[Date "1986.??.??"]
[Round "8"]
[White "Hort, Vlastimil"]
[Black "Beliavsky, Alexander"]
[Result "1-0"]
[WhiteElo "2545"]
[BlackElo "2585"]
[EventDate "1986.12.27"]
[PlyCount "69"]

1.d4 d5 2.c4 e6 3.Nc3 Nf6 4.Bg5 Be7 5.e3 h6 6.Bh4 O-O 7.Rc1 b6 8.cxd5 exd5
9.Nf3 Bb7 10.Be2 Nbd7 11.O-O Ne4 12.Bxe7 Qxe7 13.Qb3 Ndf6 14.Nxe4 Nxe4 15.
Rfd1 c5 16.Qa3 Rfc8 17.Nd2 Nxd2 18.Rxd2 Kf8 19.dxc5 Rxc5 20.Rcd1 Rc7 21.
Qb3 Qg5 22.Bf3 Qe5 23.Qa3+ Kg8 24.h3 Rd8 25.Qxa7 Ra8 26.Qxb6 Ra6 27.Qd4 
Qxd4 28.Rxd4 Rxa2 29.Rb4 Ra5 30.Rb6 Kf8 31.b4 Ra2 32.g4 Rd7 33.Kg2 Ke7 34.
Rd4 Rc2 35.Rb5 1-0

[Event "29th Reggio Emilia it"]
[Site "Reggio Emilia ITA"]
[Date "1986.??.??"]
[Round "8"]
[White "Ribli, Zoltan"]
[Black "Spassky, Boris"]
[Result "1/2-1/2"]
[WhiteElo "2585"]
[BlackElo "2620"]
[EventDate "1986.12.27"]
[PlyCount "33"]

1.Nf3 d5 2.d4 Nf6 3.c4 e6 4.Nc3 Be7 5.Bg5 h6 6.Bxf6 Bxf6 7.e3 c6 8.Rc1 O-O
9.Bd3 Nd7 10.O-O dxc4 11.Bxc4 c5 12.Qe2 Qe7 13.Rfd1 Rd8 14.Ne4 cxd4 15.
Nxd4 Nb6 16.Nxf6+ Qxf6 17.Bb3 1/2-1/2

[Event "29th Reggio Emilia it"]
[Site "Reggio Emilia ITA"]
[Date "1986.??.??"]
[Round "9"]
[White "Andersson, Ulf"]
[Black "Suba, Mihai"]
[Result "1/2-1/2"]
[WhiteElo "2600"]
[BlackElo "2580"]
[EventDate "1986.12.27"]
[PlyCount "34"]

1.Nf3 c5 2.c4 Nf6 3.g3 b6 4.Bg2 Bb7 5.O-O e6 6.Nc3 a6 7.d4 cxd4 8.Qxd4 d6 
9.b3 Nbd7 10.e4 Be7 11.Ba3 Nc5 12.Rad1 Qc8 13.Rfe1 O-O 14.Qe3 Re8 15.h3 
Rb8 16.Bxc5 bxc5 17.e5 Bxf3 1/2-1/2

[Event "29th Reggio Emilia it"]
[Site "Reggio Emilia ITA"]
[Date "1986.??.??"]
[Round "9"]
[White "Beliavsky, Alexander"]
[Black "Velimirovic, Dragoljub"]
[Result "1-0"]
[WhiteElo "2585"]
[BlackElo "2570"]
[EventDate "1986.12.27"]
[PlyCount "101"]

1.e4 c5 2.Nf3 Nc6 3.d4 cxd4 4.Nxd4 g6 5.c4 Bg7 6.Be3 Nf6 7.Nc3 Ng4 8.Qxg4 
Nxd4 9.Qd1 Ne6 10.Rc1 d6 11.Bd3 Bd7 12.O-O O-O 13.Bb1 a5 14.Qe2 Bc6 15.
Rfd1 b6 16.Nd5 Nc5 17.Bg5 Ra7 18.b3 Re8 19.Qe3 Rd7 20.h4 f6 21.Bf4 e6 22.
Nc3 d5 23.exd5 exd5 24.Qf3 d4 25.Qxc6 dxc3 26.Rxd7 Qxd7 27.Qxb6 Ne6 28.Qd6
Qxd6 29.Bxd6 Nd4 30.Kf1 Bh6 31.f4 Re6 32.Bc7 Rc6 33.Bb8 Bf8 34.Rxc3 Rc8 
35.Rd3 Nc6 36.Bd6 Nb4 37.Rd2 f5 38.Ke2 Re8+ 39.Kd1 Re3 40.h5 Bxd6 41.Rxd6 
Rg3 42.hxg6 hxg6 43.Kc1 Rxg2 44.a3 Rg1+ 45.Kb2 Rg2+ 46.Kc3 Rg3+ 47.Kd4 
Rxb3 48.axb4 Rxb1 49.bxa5 Kf7 50.a6 Ke7 51.Kc5 1-0

[Event "29th Reggio Emilia it"]
[Site "Reggio Emilia ITA"]
[Date "1986.??.??"]
[Round "9"]
[White "Chernin, Alexander"]
[Black "Van der Wiel, John"]
[Result "1/2-1/2"]
[WhiteElo "2565"]
[BlackElo "2570"]
[EventDate "1986.12.27"]
[PlyCount "35"]

1.c4 g6 2.g3 Bg7 3.Bg2 d6 4.Nc3 Nc6 5.d3 Bd7 6.Bd2 a6 7.Qc1 h5 8.Nf3 Nh6 
9.Nd5 Nf5 10.Bc3 e5 11.Qg5 Rc8 12.Qxd8+ Nxd8 13.Ng5 Ne7 14.h4 f6 15.Ne4 
Nxd5 16.cxd5 Nf7 17.Rc1 c6 18.dxc6 1/2-1/2

[Event "29th Reggio Emilia it"]
[Site "Reggio Emilia ITA"]
[Date "1986.??.??"]
[Round "10"]
[White "Smyslov, Vassily"]
[Black "Andersson, Ulf"]
[Result "1/2-1/2"]
[WhiteElo "2555"]
[BlackElo "2600"]
[EventDate "1986.12.27"]
[PlyCount "49"]

1.d4 Nf6 2.Nf3 e6 3.c4 d5 4.Nc3 c5 5.cxd5 Nxd5 6.e3 Nc6 7.Bd3 cxd4 8.exd4 
Be7 9.O-O O-O 10.Re1 Nf6 11.a3 b6 12.Bf4 Bb7 13.Bc2 Rc8 14.Qd3 g6 15.Rad1 
Na5 16.Bh6 Re8 17.Ba4 Bc6 18.Bxc6 Nxc6 19.d5 Nxd5 20.Nxd5 exd5 21.Qxd5 
Qxd5 22.Rxd5 Bf8 23.Rxe8 Rxe8 24.Bxf8 Kxf8 25.Kf1 1/2-1/2

[Event "29th Reggio Emilia it"]
[Site "Reggio Emilia ITA"]
[Date "1986.??.??"]
[Round "10"]
[White "Suba, Mihai"]
[Black "Beliavsky, Alexander"]
[Result "0-1"]
[WhiteElo "2580"]
[BlackElo "2585"]
[EventDate "1986.12.27"]
[PlyCount "60"]

1.c4 e6 2.Nc3 d5 3.d4 Nf6 4.Bg5 Be7 5.e3 h6 6.Bh4 O-O 7.Qb3 c5 8.dxc5 Nbd7
9.Nf3 Nxc5 10.Qc2 Nce4 11.Bd3 Nxc3 12.Qxc3 dxc4 13.Qxc4 Qa5+ 14.Ke2 Bd7 
15.Rhc1 Rac8 16.Qb3 Bc6 17.Bg3 Ne4 18.Be5 Nc5 19.Qc3 Qa4 20.Nd4 Nxd3 21.
Qxd3 Bd5 22.b3 Rxc1 23.Rxc1 Qxa2+ 24.Rc2 Qa5 25.Bc7 b6 26.Nc6 Bxc6 27.Rxc6
Rc8 28.Qd7 Qb5+ 29.Kd2 Rf8 30.Kc2 Qf5+ 0-1